| 000 | 01025nam a22003137a 4500 | ||
|---|---|---|---|
| 001 | 4763 | ||
| 003 | FISKH | ||
| 005 | 20260325100626.0 | ||
| 008 | 241009b cb ||||| |||| 00| 0 eng d | ||
| 020 | _a0545351316 | ||
| 020 | _a9780545351317 | ||
| 040 |
_aFISKH _beng _cFISKH _dFISKH |
||
| 050 | _aPZ8.H755 | ||
| 082 | _a398.21 | ||
| 100 | _aHong, Toy Lily | ||
| 245 |
_aTwo of everything / _cRetold and illustrated by Lily Toy Hong |
||
| 250 | _aPublished in 1993 | ||
| 260 |
_aNew York : _bScholastic, _c1993. |
||
| 300 |
_a28 pages : _bColor illustrations ; _c22 cm |
||
| 505 | _aQ | ||
| 520 | _aA poor old Chinese farmer finds a magic brass pot that doubles or duplicates whatever is placed inside it, but his efforts to make himself wealthy lead to unexpected complications. | ||
| 521 | 8 |
_a620L
_bLexile |
|
| 521 | 8 |
_aQ
_bRaz-Plus |
|
| 650 |
_2China _aDoubling _vCounting |
||
| 650 |
_2Multiplication _aPicture book |
||
| 700 |
_aHong, Toy Lily _dIllustrator |
||
| 942 |
_2ddc _cBK _n0 |
||
| 999 |
_c4763 _d4763 |
||